000 00297nam a22001337a 4500
008 171127b xxu||||| |||| 00| 0 eng d
020 _a9789951599023
041 _aALB
080 _a34
100 _a13
101 _aJUR
245 _aE DREJTA PENALE NDERKOMBETARE
_cSALIHU. I
942 _2udc
_cBK
999 _c38583
_d38583